|
|
|
|
| LEADER |
01321nam a2200325 a 4500 |
| 001 |
27503 |
| 003 |
BD-DhAAL |
| 005 |
20130917110638.0 |
| 008 |
130917s1996 nyua b 001 0 eng |
| 010 |
|
|
|a 95022378
|
| 020 |
|
|
|a 9780486435039
|
| 020 |
|
|
|a 0486435032
|
| 020 |
|
|
|a 0070648786 (alk. paper)
|
| 040 |
|
|
|a DLC
|c DLC
|d DLC
|d Bd-DhAAL
|
| 050 |
0 |
0 |
|a QC611.92
|b .T56 1996
|
| 082 |
0 |
0 |
|a 537.6/23
|2 20
|
| 999 |
|
|
|c 13975
|d 13975
|
| 999 |
|
|
|c 13975
|
| 100 |
1 |
|
|a Tinkham, Michael.
|9 3116
|
| 245 |
1 |
0 |
|a Introduction to superconductivity /
|c Michael Tinkham.
|
| 250 |
|
|
|a 2nd ed.
|
| 260 |
|
|
|a New York :
|b McGraw Hill ;
|b Dover Publications,
|c c1996.
|
| 300 |
|
|
|a xxi, 454 p. :
|b ill. ;
|c 23 cm.
|
| 504 |
|
|
|a Includes bibliographical references (p. 442-444) and index.
|
| 541 |
|
|
|e 27503, 27504
|
| 650 |
|
0 |
|a Superconductivity.
|9 3117
|
| 856 |
4 |
2 |
|3 Publisher description
|u http://www.loc.gov/catdir/description/mh022/95022378.html
|
| 942 |
|
|
|2 ddc
|c BK
|
| 952 |
|
|
|0 0
|1 0
|2 ddc
|4 0
|6 537_623000000000000_TIN
|7 0
|9 23414
|a BRACUL
|b BRACUL
|c GEN
|d 2013-09-17
|e Trim Education
|g 2025.00
|l 0
|o 537.623 TIN
|p 3010027503
|r 2013-09-17
|t 1
|w 2013-09-17
|y BK
|
| 952 |
|
|
|0 0
|1 0
|2 ddc
|4 0
|6 537_623000000000000_TIN
|7 0
|9 23415
|a BRACUL
|b BRACUL
|c GEN
|d 2013-09-17
|e Trim Education
|g 2025.00
|l 1
|o 537.623 TIN
|p 3010027504
|r 2022-09-28
|s 2022-09-28
|t 2
|w 2013-09-17
|y BK
|